|
|
|
|
| LEADER |
00000naa2a2200000 4500 |
| 001 |
390337 |
| 005 |
20231101063949.0 |
| 035 |
|
|
|a (RuTPU)RU\TPU\prd\23303
|
| 090 |
|
|
|a 390337
|
| 100 |
|
|
|a 20040301a2003 k y0rusy50 ca
|
| 101 |
0 |
|
|a rus
|
| 102 |
|
|
|a RU
|
| 200 |
1 |
|
|a Новые достижения ЗАО "УЭСК "Коралл" " в области энергосбережения: регуляторы температуры воды, конденсатоотводчики, котлы, энергоаудит
|f В. А. Питателев
|
| 225 |
1 |
|
|a Тепловодоснабжение
|
| 461 |
|
1 |
|0 (RuTPU)RU\TPU\prd\913
|x 1609-7505
|t Энергосбережение
|o специализированный журнал
|f Ассоциация инженеров по отоплению, вентиляции, кондиционированию воздуха, теплоснабжению и строительной теплофизике (АВОК), ООО ИИП "АВОК-ПРЕСС"
|d 2000-
|
| 463 |
|
1 |
|0 (RuTPU)RU\TPU\prd\21216
|t № 6
|v С. 34-35
|d 2003
|
| 610 |
1 |
|
|a регуляторы температуры
|
| 610 |
1 |
|
|a конденсатоотводчики
|
| 610 |
1 |
|
|a котлы
|
| 610 |
1 |
|
|a автономные котельные
|
| 610 |
1 |
|
|a температура жидкости
|
| 700 |
|
1 |
|a Питателев
|b В. А.
|
| 801 |
|
1 |
|a RU
|b 63413507
|c 20040301
|g PSBO
|
| 801 |
|
2 |
|a RU
|b 63413507
|c 20120417
|g RCR
|
| 942 |
|
|
|c BK
|